00449 2200181 4500001002100000005001500021008004100036020002200077035001900099041000700118082000800125090001400133100002100147245003300168260002800201300001800229650002000247INLIS00000000001517020241224114901241224||||||||| | ||| |||| || |  a978-602-8223-89-8 0010-1224015170 aid0 a500 a500 SPI e0 aLOUISE SPILSBURY00aEnsiklopedia Ekperimen Sains aBandungbExamediac2008 a32hlm;17x25cm 0ailmu ilmu murni